| 000 | 00943nam a2200253 i 4500 | ||
|---|---|---|---|
| 001 | bg | ||
| 245 | 0 | 0 |
_aInternet w marketingu : _bpraca zbiorowa / _cpod red. Andrzeja Bajdaka ; [aut.] Józefa Kramer [et al.]. |
| 260 |
_aWarszawa : _bPolskie Wydaw. Ekonomiczne, _c2003. |
||
| 300 |
_a234, [2] s. : _bil. ; _c24 cm. |
||
| 504 | _aBibliogr. | ||
| 650 | 9 | _aMarketing elektroniczny | |
| 655 | _aPodręczniki akademickie | ||
| 700 | 1 | _aKRAMER, Józefa | |
| 700 | 1 |
_aBAJDAK, Andrzej. _eRed. |
|
| 020 | _a8320814847 | ||
| 040 | _cBPK | ||
| 041 | 0 | _apol | |
| 080 | _a004.738.5:339.138](075.8) | ||
| 920 | _a83-208-1484-7 | ||
| 942 | _cKS | ||
| 008 | s pl f |000 0 pol | ||
| 856 |
_uhttp://koha.tu.koszalin.pl/cgi-bin/koha/opac-detail.pl?biblionumber=45373 _yKatalog online BPK |
||
| 999 |
_c45373 _d45373 |
||